Podnikové hospodárstvo : príklady, prípadové štúdie, kontrolné testy
Gespeichert in:
| 1. Verfasser: | |
|---|---|
| Format: | Buch |
| Sprache: | Slowakisch |
| Veröffentlicht: |
Bratislava :
Wolters Kluwer,
2014
|
| Ausgabe: | 1. vyd |
| Schriftenreihe: | Ekonómia
487. |
| Schlagworte: | |
| Tags: |
Keine Tags, Fügen Sie das erste Tag hinzu!
|
MARC
| LEADER | 00000nam a22000003a 4500 | ||
|---|---|---|---|
| 001 | stu288849 | ||
| 005 | 20150617230258.3 | ||
| 008 | 140428s2014----xo------------------slo-d | ||
| 020 | |a 978-80-8168-017-5 | ||
| 040 | |a STU |b slo | ||
| 041 | 0 | |a slo | |
| 044 | |a xo | ||
| 080 | |a 658(075.8) | ||
| 100 | 1 | |a Majdúchová, Helena |4 aut | |
| 245 | 1 | |a Podnikové hospodárstvo : |b príklady, prípadové štúdie, kontrolné testy | |
| 250 | |a 1. vyd | ||
| 260 | |a Bratislava : |b Wolters Kluwer, |c 2014 | ||
| 300 | |a 257 s | ||
| 650 | 7 | |a hospodárstvo podnikové |2 stusub | |
| 830 | 0 | |a Ekonómia |v 487. | |
| 996 | |b 284M086065 |c M*13697-1 |l MMKN |s A |a 24 |w stu288849_0001 | ||
| 996 | |b 284M086066 |c M*13697-2 |l MMST |s A |a 24 |w stu288849_0002 | ||
| 996 | |b 284M086067 |c M*13697-3 |l MMKN |s A |a 24 |w stu288849_0003 | ||
| 996 | |b 284M086068 |c M*13697-4 |l MMST |s A |a 24 |w stu288849_0004 | ||
| 996 | |b 284M086069 |c M*13697-5 |l MMKN |s A |a 24 |w stu288849_0005 | ||